History Quiz

Random History or Famous Quiz

Historical Surname Synonyms Quiz Stats

 Plays Quiz Updated Apr 13, 2018

Score 0/21 Timer 05:00
0 Plays Today
Question Answer Wrong Answers
Civil Rights activist from Alabama
Rosa
Parks
97.3%
Meadowes
0.5%
Fields
0.6%
Satirist, essayist, and Gulliver's Travels author
Jonathan
Swift
95.6%
Quick
2.5%
Fleet
1.8%
English scientist, statesman, and Lord Chancellor
Francis
Bacon
94.7%
Hamm
3.3%
Veal
1.3%
British naval explorer killed in Hawaii
Captain James
Cook
91.7%
Boyle
1.8%
Frye
2%
Four-time Pulitzer Prize-winning American poet
Robert
Frost
88.5%
Winters
2.8%
Snow
4.3%
Pulitzer Prize-winning novelist of The Color Purple
Alice
Walker
87.1%
Ambler
2.2%
Trotter
8.2%
Scottish poet and Auld Lang Syne author
Robert
Burns
86.5%
Cooks
5.2%
Sears
5%
American botanist and inventor
George Washington
Carver
86.1%
Skinner
3.2%
Cleaver
9.6%
19th century Norwegian expressionist painter
Edvard
Munch
86.1%
Swallow
2.7%
Wolf
6.4%
American slave rebellion leader
Nat
Turner
85.9%
Bender
3.3%
Archer
5.8%
Two-time 19th century UK Prime Minister
Sir Robert
Peel
85.6%
Pare
8.9%
Shuck
2.8%
19th century German physicist
Heinrich
Hertz
79.5%
Payne
9.4%
Aiken
7.4%
American oil painter known for Nighthawks
Edward
Hopper
70.6%
Skipper
4.7%
Springer
21.7%
US Senator, (1893-1924), who opposed the League of Nations
Henry Cabot
Lodge
67.3%
House
5.2%
Holmes
23.3%
American minimalist composer
Philip
Glass
65%
Beaker
7.6%
Stein
22.6%
Academy Award-winning actress in On the Waterfront
Eva Marie
Saint
64.8%
Pope
14.5%
Bishop
17.1%
Physicist and 'Father of the Hydrogen Bomb'
Edward
Teller
63.8%
Sayer
27.4%
Speaker
4.8%
Confederate General during the American Civil War
Nathan Bedford
Forrest
61.1%
Woods
20.4%
Grove
14%
First President of Ireland
Douglas
Hyde
53.8%
Pelt
15.2%
Coates
25.9%
20th century Canadian Prime Minister
William Lyon Mackenzie
King
48.8%
Lorde
28.7%
Baron
20.1%
Swedish Prime Minister, 1996-2006
Göran
Persson
45.1%
Mann
35.8%
Hüman
14.4%

You're not logged in!

Compare scores with friends on all Sporcle quizzes.
OR
Log In

Sporcle TV

Today on Sporcle TV


Watch our educational content, quiz creation guides, and fun videos on Sporcle TV.

Show Comments

Extras

Top Quizzes Today


Score Distribution

Your Account Isn't Verified!

In order to create a playlist on Sporcle, you need to verify the email address you used during registration. Go to your Sporcle Settings to finish the process.

Report this User

Report this user for behavior that violates our Community Guidelines.

Details: